| 000 | 00403nam a2200145Ia 4500 | ||
|---|---|---|---|
| 008 | 240712s9999||||xx |||||||||||||| ||und|| | ||
| 020 | _a9.7881899264e+012 | ||
| 082 |
_a610 _bGUP/R |
||
| 100 | _aGupta Ashish | ||
| 245 | 0 | _aReview of Aiims Postgraduate Medical Entrance Examination | |
| 250 | _a8th Edition | ||
| 260 |
_aNew Delhi _bAditya Madical Books Pvt Ltd _c2004 |
||
| 300 | _a777p. | ||
| 942 | _cBK | ||
| 999 |
_c44517 _d44517 |
||